000 01026nmc a2200349 a 4500
003 AR-BaBNM
005 20251128211734.0
008 216020s2003 ||||||||||||||000 | spa||
020 _a84-7588-502-9
040 _cAR-BaBNM
245 1 0 _aExperiencias educativas para la promoción de la salud y la prevención
250 _a1ª ed.
260 _aBarcelona
_bLaertes
_c2003
300 0 _a255 p.
490 0 _aPsicopedagogía
_vv. 103
650 4 _aPREVENCION DE ACCIDENTES
650 4 _aTRASTORNOS DE LA ALIMENTACION
650 4 _aPREVENCION DE ENFERMEDADES
650 4 _aPROGRAMAS DE EDUCACION
650 4 _aPROYECTOS
651 4 _aEspaña
653 0 _aEDUCACION PARA LA SALUD
653 0 _aPREVENCION DE ADICCIONES
653 0 _aEDUCACION SECUNDARIA
653 0 _aEXPERIENCIAS EDUCATIVAS
700 1 _aMolina Garuz, María Cruz
_eeditor
700 1 _aFortuny i Gras, Montserrat
_eeditor
800 1 _aRodríguez, María Luisa
800 1 _aLarrosa, Jorge
942 _cBK
998 _cme-solo cat
999 _c20901
_d20901